Production chemicals for the oil and gas industry / (Record no. 422)

000 -LEADER
fixed length control field 00612nam a2200205 a 4500
001 - CONTROL NUMBER
control field 422
003 - CONTROL NUMBER IDENTIFIER
control field BD-DhUET
008 - FIXED-LENGTH DATA ELEMENTS--GENERAL INFORMATION
fixed length control field 090424s2009 flua b 001 0 eng
020 ## - INTERNATIONAL STANDARD BOOK NUMBER
International Standard Book Number 9781420092905
040 ## - CATALOGING SOURCE
Original cataloging agency DLC
Transcribing agency DLC
Modifying agency BD-DhUET
082 00 - DEWEY DECIMAL CLASSIFICATION NUMBER
Classification number 622.338
Item number KEL/2009
100 1# - MAIN ENTRY--PERSONAL NAME
Personal name Kelland, Malcolm A.
245 10 - TITLE STATEMENT
Title Production chemicals for the oil and gas industry /
Statement of responsibility, etc. by Malcolm A. Kelland.
250 ## - EDITION STATEMENT
Edition statement Ist ed.
260 ## - PUBLICATION, DISTRIBUTION, ETC. (IMPRINT)
Place of publication, distribution, etc. Boca Raton :
Name of publisher, distributor, etc. CRC Press,
Date of publication, distribution, etc. 2009.
300 ## - PHYSICAL DESCRIPTION
Extent xvii, 437 p. :
Other physical details ill. ;
Dimensions 25 cm.
504 ## - BIBLIOGRAPHY, ETC. NOTE
Bibliography, etc Includes bibliographies.
650 #0 - SUBJECT ADDED ENTRY--TOPICAL TERM
Topical term or geographic name as entry element Environmental chemistry-Industrial applications
942 ## - ADDED ENTRY ELEMENTS (KOHA)
Koha item type General Book
Holdings
Withdrawn status Koha date last seen Koha normalized classification for sorting Date acquired Not for loan Koha full call number Lost status Damaged status Piece designation (barcode) Koha item type Shelving location Source of classification or shelving scheme Copy number Sublocation or collection (holding branch) Price effective from Location (home branch)
 2014-07-21622_000000000000000_338KEL20092014-07-21 622.338/KEL/2009  108511General BookCirculation section 1Central Library, BUET2014-07-21Central Library, BUET
 2014-07-21622_000000000000000_338KEL20092014-07-21 622.338/KEL/2009  108512General BookCirculation section 2Central Library, BUET2014-07-21Central Library, BUET